Electronic analog and hybrid computers / (Record no. 176159)
[ view plain ]
| 000 -LEADER | |
|---|---|
| fixed length control field | 01257 a2200229 4500 |
| 003 - CONTROL NUMBER IDENTIFIER | |
| control field | Nust |
| 005 - DATE AND TIME OF LATEST TRANSACTION | |
| control field | 20230529112249.0 |
| 010 ## - LIBRARY OF CONGRESS CONTROL NUMBER | |
| LC control number | 70170174 |
| 020 ## - INTERNATIONAL STANDARD BOOK NUMBER | |
| International Standard Book Number | 0070353638 |
| 040 ## - CATALOGING SOURCE | |
| Transcribing agency | Nust |
| 082 00 - DEWEY DECIMAL CLASSIFICATION NUMBER | |
| Classification number | 004.19,KOR |
| 100 1# - MAIN ENTRY--PERSONAL NAME | |
| Personal name | Korn, Granino Arthur, |
| 9 (RLIN) | 112747 |
| 245 10 - TITLE STATEMENT | |
| Title | Electronic analog and hybrid computers / |
| Statement of responsibility, etc. | Granino A. Korn [and] Theresa M. Korn. |
| 250 ## - EDITION STATEMENT | |
| Edition statement | 2d, completely rev. ed. |
| 260 ## - PUBLICATION, DISTRIBUTION, ETC. | |
| Place of publication, distribution, etc. | New York, |
| Name of publisher, distributor, etc. | McGraw-Hill |
| Date of publication, distribution, etc. | [1972] |
| 300 ## - PHYSICAL DESCRIPTION | |
| Extent | xviii, 421 p. |
| Other physical details | illus. |
| Dimensions | 23 cm. |
| 505 ## - FORMATTED CONTENTS NOTE | |
| Formatted contents note | A Review of Electronic Analog Computation (Page-1), Iterative Analog Computation and Hybrid Analog Digital Computers (Page-24), Computer Accuracy Design of Network Coefficient Potentiometers and Operational Amplifiers (Page-42) Nonlinear Operation Limiters Comparators and Function Generators (Page-114), Switching Conversion Sampling and Mode Control (Page-163), Electronic Multipliers Dividers and Resolvers (Page-212), Computers Systems and Interface Design (Page-259), Special Computing Techniques (Page-301), Hybrid Errors Special Techniques and Software Requirements (Page-361). |
| 650 #0 - SUBJECT ADDED ENTRY--TOPICAL TERM | |
| Topical term or geographic name entry element | Electronic analog computers. |
| 9 (RLIN) | 82443 |
| 650 #0 - SUBJECT ADDED ENTRY--TOPICAL TERM | |
| Topical term or geographic name entry element | Hybrid computers. |
| 9 (RLIN) | 112748 |
| 700 1# - ADDED ENTRY--PERSONAL NAME | |
| Personal name | Korn, Theresa M., |
| 9 (RLIN) | 112749 |
| 942 ## - ADDED ENTRY ELEMENTS (KOHA) | |
| Source of classification or shelving scheme | |
| Koha item type | Book |
| Call number prefix | 004.19,KOR |
| Withdrawn status | Lost status | Source of classification or shelving scheme | Damaged status | Not for loan | Permanent Location | Current Location | Shelving location | Date acquired | Full call number | Barcode | Date last seen | Price effective from | Koha item type | Public note |
|---|---|---|---|---|---|---|---|---|---|---|---|---|---|---|
| Military College of Signals (MCS) | Military College of Signals (MCS) | General Stacks | 12/12/2016 | 004.19 KOR | MCS116 | 12/08/2016 | 12/12/2016 | Book | Almirah No.79, Shelf No.4 |
